The later Ghaznavids ; splendour and decay : (Record no. 1848589)

MARC details
000 -LEADER
fixed length control field 00704cam a2200229 i 4500
003 - CONTROL NUMBER IDENTIFIER
control field OSt
005 - DATE AND TIME OF LATEST TRANSACTION
control field 20260428105125.0
008 - FIXED-LENGTH DATA ELEMENTS--GENERAL INFORMATION
fixed length control field 780623s1977 stkbj b 001 0 eng
020 ## - INTERNATIONAL STANDARD BOOK NUMBER
International Standard Book Number 812150577X
040 ## - CATALOGING SOURCE
Transcribing agency HDL
041 ## - LANGUAGE CODE
Language code of text/sound track or separate title eng
082 00 - DEWEY DECIMAL CLASSIFICATION NUMBER
Classification number 958.1 N2
100 1# - MAIN ENTRY--PERSONAL NAME
Personal name Bosworth, Clifford Edmund.
9 (RLIN) 1235815
245 14 - TITLE STATEMENT
Title The later Ghaznavids ; splendour and decay :
Remainder of title the dynasty in Afghanistan and Northern India 1040-1186 /
Statement of responsibility, etc. Clifford Edmund Bosworth.
260 ## - PUBLICATION, DISTRIBUTION, ETC.
Place of publication, distribution, etc. New Delhi:
Name of publisher, distributor, etc. Munshram Manoharlal Publishers,
Date of publication, distribution, etc. 1992.
300 ## - PHYSICAL DESCRIPTION
Extent vi, 196 p.
650 #0 - SUBJECT ADDED ENTRY--TOPICAL TERM
Topical term or geographic name entry element Ghaznevids.
9 (RLIN) 1235816
651 #0 - SUBJECT ADDED ENTRY--GEOGRAPHIC NAME
Geographic name Afghanistan
General subdivision History.
9 (RLIN) 1235817
651 #0 - SUBJECT ADDED ENTRY--GEOGRAPHIC NAME
Geographic name India
942 ## - ADDED ENTRY ELEMENTS (KOHA)
Source of classification or shelving scheme Colon Classification (CC)
Koha item type Textual
Suppress in OPAC No
Holdings
Withdrawn status Lost status Source of classification or shelving scheme Damaged status Not for loan Home library Current library Date acquired Total Checkouts Date last seen Price effective from Koha item type
    Colon Classification (CC)     Department of History Library Department of History Library 2026-04-28   2026-04-28 2026-04-28 Textual
Copyright @ Delhi University Library System